Loading...
| History - American | 0 | 6 | 0 | 0 | 60 | 14 | 67.33 | 1 | 6 | 27.19 | 35.00 |
| Science - Physics | 0 | 5 | 0 | 2 | 50 | 78 | 111.00 | 1 | 4 | 3.45 | 27.50 |
| Science - Other | 0 | 5 | 2 | 0 | 40 | 51 | 88.60 | 0 | 5 | 11.81 | 27.50 |
| Fine Arts - Classical Music | 0 | 4 | 0 | 2 | 40 | 109 | 120.00 | 0 | 2 | 2.07 | 10.83 |
| Religion | 0 | 4 | 0 | 0 | 40 | 81 | 107.75 | 0 | 4 | 6.41 | 25.00 |
| Fine Arts - Other | 0 | 4 | 1 | 0 | 35 | 90 | 115.50 | 1 | 3 | 4.36 | 20.00 |
| History - World | 0 | 4 | 1 | 2 | 35 | 91 | 113.75 | 1 | 3 | 5.40 | 22.50 |
| Science - Biology | 0 | 4 | 1 | 2 | 35 | 78 | 106.75 | 1 | 4 | 3.30 | 15.00 |
| Literature - American | 0 | 3 | 0 | 1 | 30 | 82 | 109.33 | 0 | 2 | 5.65 | 13.33 |
| History - European | 0 | 3 | 1 | 1 | 25 | 74 | 95.00 | 1 | 2 | 6.24 | 15.00 |
| Social Science | 0 | 3 | 2 | 1 | 20 | 42 | 78.33 | 1 | 2 | 8.07 | 15.00 |
| Fine Arts - Painting and Sculpture | 0 | 2 | 0 | 1 | 20 | 85 | 100.50 | 0 | 0 | 3.09 | 5.00 |
| Literature - British | 0 | 2 | 0 | 1 | 20 | 137 | 145.50 | 0 | 1 | 0.00 | 5.00 |
| Literature - European | 0 | 2 | 0 | 0 | 20 | 75 | 103.00 | 1 | 2 | 4.53 | 12.50 |
| Mythology | 0 | 2 | 0 | 0 | 20 | 103 | 117.50 | 0 | 1 | 1.56 | 5.00 |
| Other Academic | 0 | 2 | 0 | 0 | 20 | 60 | 89.00 | 1 | 2 | 17.33 | 44.44 |
| Philosophy | 0 | 2 | 0 | 0 | 20 | 82 | 85.00 | 1 | 2 | 4.87 | 16.67 |
| Science - Chemistry | 0 | 2 | 0 | 0 | 20 | 90 | 100.50 | 0 | 2 | 1.59 | 10.00 |
| Literature - World | 0 | 1 | 0 | 1 | 10 | 129 | 129.00 | 0 | 1 | 0.58 | 3.33 |
| History - Other | 0 | 2 | 2 | 1 | 10 | 125 | 127.50 | 0 | 0 | 0.31 | 5.00 |
| Geography | 0 | 1 | 0 | 0 | 10 | 92 | 92.00 | 0 | 1 | 14.89 | 25.00 |
| Popular Culture | 0 | 0 | 0 | 0 | 0 | 0.00 | 0 | 0 | 0.00 | 0.00 | |
| Current Events | 0 | 0 | 1 | 0 | -5 | 0.00 | 0 | 0 | 0.00 | 0.00 |